MARC

LEADER 00000nac2a2200000 4500
001 680428
005 20251010093239.0
090 |a 680428 
100 |a 20250602g18851890k||y0rusy50 ca 
101 0 |a rus 
102 |a RU 
105 |a y ac 001yy 
181 0 |a i   |b  e  
182 0 |a n 
183 0 |a nc  |2 RDAcarrier 
200 0 |a Т. 1 Вып. 1 Вып. 2 Вып. 3 
203 |a Текст  |b визуальный  |c непосредственный 
210 |d [1885-1890] 
215 |a 102,113,161 с. 
283 |a volume  |2 RDAcarrier 
300 |a Текст в русской дореформенной орфографии 
300 |a Конволют. Приплетено 3 книги 
316 |5 63413507: 59009  |a На титульном листе владельческий штамп «Математический кабинет Сибирского института сельско-хозяйственного машиностроения» 
320 |a Вып.1: Систематический указатель: 101-102 
320 |a Вып.2: Систематический указатель: 101-102 
320 |a Вып.3: Систематический указатель: с. 101-130 
461 1 |0 680426  |9 680426  |t Русская физико-математическая библиография  |o указатель книг и журнальных статей по физико-математическим наукам, вышедших в России с начала книгопечатания до последнего времени  |o в 3 т.  |f составил В. В. Бобынин  |c Москва  |n Товарищество типографии А. И. Мамонтова  |d [1885-1895]  |v Т. 1 Вып. 1 Вып. 2 Вып. 3 
606 |a Библиографические пособия  |x По естествознанию  |9 52068 
610 |a библиографические указатели 
610 |a арифметика 
610 |a астрономия 
610 |a артиллерия 
610 |a география 
610 |a мореплавание 
610 |a военное дело 
610 |a календари 
610 |a 17 век 
610 |a 18 век 
686 |2 rubbk  |a Я19:5 
702 1 |a Бобынин  |b В. В.  |c российский историк математических наук  |c библиограф  |c профессор  |f 1849-1919  |g Виктор Викторович  |9 7951 
801 0 |a RU  |b 63413507  |c 20250602 
830 |a Ретро2025Каталогизация Кузнецова (РФ) 
850 |a 63413507 
942 |c BK